New home customer satisfaction (Record no. 110664)

MARC details
000 -LEADER
fixed length control field 00988cad a22001935a 4500
001 - CONTROL NUMBER
control field E149884
008 - FIXED-LENGTH DATA ELEMENTS--GENERAL INFORMATION
fixed length control field 100512s2010 xxk f 000 0 eng d
035 ## - SYSTEM CONTROL NUMBER
System control number (Sirsi) u149884
041 0# - LANGUAGE CODE
Language code of text/sound track or separate title eng
110 2# - MAIN ENTRY--CORPORATE NAME
Corporate name or jurisdiction name as entry element Home Builders Federation
9 (RLIN) 4896
245 00 - TITLE STATEMENT
Title New home customer satisfaction
Remainder of title HBF national new home customer satisfaction survey
Medium [electronic resource]
260 ## - PUBLICATION, DISTRIBUTION, ETC.
Place of publication, distribution, etc. [S.l.]
Name of publisher, distributor, etc. HBF
Date of publication, distribution, etc. 2010
520 ## - SUMMARY, ETC.
Summary, etc. This year's HBF Customer Satisfaction Survey shows an increase in satisfaction, with almost 9 out of 10 (88%) of buyers from October 2008 to September 2009 being satisfied with the overall quality of their home, and 88% saying they would recommend their home builder to a friend.
590 ## - LOCAL NOTE (RLIN)
Local note KA NTK
651 #4 - SUBJECT ADDED ENTRY--GEOGRAPHIC NAME
Geographic name United Kingdom
Chronological subdivision
690 ## - LOCAL SUBJECT ADDED ENTRY--TOPICAL TERM (OCLC, RLIN)
Topical term or geographic name as entry element PROPERTY-RESIDENTIAL PROPERTY-RESIDENTIAL PROPERTY DEVELOPMENT
856 40 - ELECTRONIC LOCATION AND ACCESS
Uniform Resource Identifier <a href="https://www.hbf.co.uk/fileadmin/documents/barker/Cust_Satisfaction_2010_print_ready.pdf">https://www.hbf.co.uk/fileadmin/documents/barker/Cust_Satisfaction_2010_print_ready.pdf</a>
Public note View the survey free of charge at www.hbf.co.uk
942 ## - ADDED ENTRY ELEMENTS (KOHA)
Suppress in OPAC 0
Holdings
Withdrawn status Lost status Source of classification or shelving scheme Damaged status Not for loan Home library Current library Shelving location Date acquired Total Checkouts Full call number Barcode Date last seen Copy number Price effective from Koha item type
    Dewey Decimal Classification     Virtual Virtual Online 12/05/2010   ONLINE PUBLICATION 149884-2001 06/08/2019 1 06/08/2019 Book